| 000 | 01559nam a2200361 ib4500 | ||
|---|---|---|---|
| 003 | OSt | ||
| 005 | 20200701111008.0 | ||
| 008 | 200629t20182018enkao j 001 0 eng d | ||
| 020 |
_a9781788560009 _cRM75.89 _qpaperback |
||
| 040 |
_aPPAK _beng _cPPAK _erda |
||
| 082 | 0 | 4 |
_223 _a595.7 |
| 090 | 0 | 0 |
_a595.7 _bOWE _dK |
| 100 | 1 |
_aOwen, Ruth, _eauthor. _d1967- |
|
| 245 | 1 | 0 |
_aCorpses, Cats & Mouldy Cheese : _bThe Places Insects Live / _cby Ruth Owen and Ross Piper ; Editor : Mark J. Sachner ; Designer : Emma Randall |
| 246 | 3 | 3 | _aCorpses, cats and mouldy cheese |
| 264 | 1 |
_aTunbridge Wells : _bRuby Tuesday Books, _c2018 |
|
| 264 | 4 | _c©2018 | |
| 300 |
_a32 pages : _bcolour illustrations, colour photographs ; _c28 cm |
||
| 336 |
_2rdacontent _atext |
||
| 337 |
_2rdamedia _aunmediated |
||
| 338 |
_2rdacarrier _avolume |
||
| 490 | 1 | _aTHE SECRET LIVES OF INSECTS | |
| 500 | _aIncludes index | ||
| 520 | _aInside this book, meet 12 insects that take "home sweet home" to a whole new level. From maggots that wriggle and crawl through blocks of cheese to the tiny bloodsuckers that set up home on our pets, every page is packed with truly unbelievable facts. Perfect for reluctant readers, these books deliver life sciences in the creepiest, yuckiest way possible! | ||
| 650 | 1 | 0 |
_aInsects _vJuvenile literature |
| 650 | 2 | 0 | _aInsects |
| 655 | 7 | _aJuvenile works | |
| 655 | 7 | _aJuvenile literature | |
| 700 | 1 |
_aSachner, Mark J., _eeditor. |
|
| 700 | 1 |
_aRandall, Emma, _eillustrator. |
|
| 830 | 0 | _aThe secret lives of insects | |
| 942 |
_2ddc _cB |
||
| 999 |
_c177928 _d177928 |
||